Power to the people (Record no. 117382)

MARC details
000 -LEADER
fixed length control field 01314cam a2200265 4500
001 - CONTROL NUMBER
control field ABS67854
008 - FIXED-LENGTH DATA ELEMENTS--GENERAL INFORMATION
fixed length control field 040520n2004 000 0 eng u
035 ## - SYSTEM CONTROL NUMBER
System control number (Sirsi) u126247
100 ## - MAIN ENTRY--PERSONAL NAME
Personal name Heaton, P.
245 ## - TITLE STATEMENT
Title Power to the people
260 ## - PUBLICATION, DISTRIBUTION, ETC.
Date of publication, distribution, etc. 2004
490 ## - SERIES STATEMENT
Series statement Green Places
Volume/sequential designation (5) May 2004, 20-26(7)
520 ## - SUMMARY, ETC.
Summary, etc. A series of articles on community consultations as part of the process of designing green spaces. The first article, "Power to the people", considers good community consultation as essential to design and provides guidance on how to approach a consultation. The second article, "Doing for themselves", discusses two case studies showing how two community groups carried out a consultation. The third article, "Delivering the goods", illustrates that, despite good community input, the final result may not be a good result, using a case of an urban square in Copenhagen. The final article, "Making it meaningful", is a personal view of community consultations by a consultation and participation officer.
590 ## - LOCAL NOTE (RLIN)
Local note ABS
590 ## - LOCAL NOTE (RLIN)
Local note ABS
650 ## - SUBJECT ADDED ENTRY--TOPICAL TERM
Topical term or geographic name entry element PUBLIC CONSULTATIONS
650 ## - SUBJECT ADDED ENTRY--TOPICAL TERM
Topical term or geographic name entry element GREEN SPACES
650 ## - SUBJECT ADDED ENTRY--TOPICAL TERM
Topical term or geographic name entry element PUBLIC SPACE
650 ## - SUBJECT ADDED ENTRY--TOPICAL TERM
Topical term or geographic name entry element PARKS AND GARDENS
650 ## - SUBJECT ADDED ENTRY--TOPICAL TERM
Topical term or geographic name entry element DESIGNS
690 ## - LOCAL SUBJECT ADDED ENTRY--TOPICAL TERM (OCLC, RLIN)
Topical term or geographic name as entry element PLANNING
700 ## - ADDED ENTRY--PERSONAL NAME
Personal name Chard, R.
700 ## - ADDED ENTRY--PERSONAL NAME
Personal name Korndorfer, J.
942 ## - ADDED ENTRY ELEMENTS (KOHA)
Suppress in OPAC 0
Holdings
Withdrawn status Lost status Source of classification or shelving scheme Damaged status Not for loan Home library Current library Shelving location Date acquired Total Checkouts Full call number Barcode Date last seen Copy number Price effective from Koha item type
    Dewey Decimal Classification     London London Journal article 20/05/2004   ABS67854 126247-1001 06/08/2019 1 06/08/2019 Journal article